Представление документа в формате MARC21

Поле Инд. ПП Название Значение
Тип записи a
Библиографический уровень b
001 Контрольный номер RU/IS/BASE/224098459
005 Дата корректировки 20220616141930.3
008 Кодируемые данные 20070206
040 b Код языка каталог. rus
e Правила каталог. PSBO
041 0_ a Код языка текста rus
084 a Индекс другой классификации/Индекс ББК 63.3(4)4-08-37; 86.371
100 1_ a Автор Дряхлов В. Н.
q Полное имя Дряхлов Владимир Николаевич
245 10 a Заглавие Языческое противодействие христианизации в Западной Европе в раннее средневековье
504 a Библиография Лит. в примеч.: с. 36 - 38
520 0_ a Аннотация "Общая картина языческого противодействия распространению христианства в Западной Европе в раннее средневековье позволяет утверждать, что оно являлось ответной мерой языческого населения на неприемлемые для него крайности при проведении христианизации. Острое неприятие населения вызывало низвержение идолов божеств, сожжение языческих культовых построек, вырубка священных рощ..."
650 04 a Основная рубрика история
a Основная рубрика раннее христианство
a Основная рубрика религиоведение
a Основная рубрика религия
a Основная рубрика христианство
653 1_ a Ключевые слова V век
a Ключевые слова VI век
a Ключевые слова вера
a Ключевые слова Западная Европа
a Ключевые слова миссионерство
a Ключевые слова средние века
a Ключевые слова христианизация общества
a Ключевые слова христианские миссии
a Ключевые слова цивилизация
a Ключевые слова язычество
773 0_ t Заглавие источника Вопросы истории
d Дата издания источника 2007
g Прочая информация № 1. - С. 21 - 36
w Контрольный № источника RU/IS/BASE/222876244
901 t Тип документа b